New Zealand Rugby All Blacks - 2016 Debuts - Statistics

General Stats
  • This quiz has been taken 52 times
  • The average score is 6 of 11
Answer Stats
Debut Game Player % Correct
Vs Ireland Scott Barrett
87%
Vs Argentina Damian McKenzie
69%
Vs Italy Rieko Ioane
60%
Vs Wales Ardie Savea
58%
Vs Wales Liam Squire
58%
Vs Wales Elliot Dixon
56%
Vs Australia Anton Lienert-Brown
53%
Vs Australia Kane Hames
42%
Vs Italy Liam Coltman
40%
Vs Wales Ofa Tu'ungafasi
31%
Vs Wales Seta Tamanivalu
24%
No matching quizzes found
Score Distribution
Percent of People with Each Score
Percentile by Number Answered
Your Score History
You have not taken this quiz